| 000 | 00985nas a2200337 4500 | ||
|---|---|---|---|
| 001 | BR0604204 | ||
| 003 | BR-BrBNA | ||
| 005 | 20231205110353.0 | ||
| 007 | ta | ||
| 008 | 230509b bl.|||p| |||| 00| 00por d | ||
| 040 |
_aBR-BrBNA _bpor _cBiblioteca Nacional de Agricultura |
||
| 041 | _a(Pt) | ||
| 072 | _aL10 | ||
| 100 | 1 | _aAlbuquerque, M.S.M. | |
| 100 | 1 | _aEgito, A.A. do | |
| 100 | 1 | _aMarques, J.R.F. | |
| 100 | 1 | _aCiampi, A.Y. | |
| 100 | 1 | _aMariante, A. da S. | |
| 100 | 1 | _aCastro, S.T.R. | |
| 100 | 1 | _aCosta, M.R. | |
| 100 | 1 | _aPaiva, S.R. | |
| 100 | 1 | _aSilva, A.M. da | |
| 100 | 1 | _aContel, E.P.B. | |
| 245 | 1 | _aVariabilidade genética em búfalos estimada por marcadores RAPD | |
| 650 | _aBÚFALO | ||
| 650 | _aVARIAÇÃO GENÉTICA | ||
| 650 | _aMARCADOR MOLECULAR | ||
| 773 | 0 |
_tPesquisa Agropecuária Brasileira (Brazil) _xISSN 0100-204X _g(Apr 2006), v. 41(4) p. 623-628 _wBR0604204 |
|
| 909 |
_a202311 _bLúcia _c55 _dLúcia Elande |
||
| 942 |
_2AGRIS _n0 _cANA |
||
| 999 |
_c187138 _d187138 |
||